000 00460nam a2200181Ia 4500
005 20250326124506.0
008 250326s9999 xx 000 0 und d
037 _aTextbook
040 _aFMSL
_beng
_cFMSL
041 _aeng
_2eng
084 _aX:8 K4
_qFMSL
100 _aAllen L A
245 0 _aManagement profession
_cAllen L A
260 _aNY
_bNY, McGraw-Hill
_c1964
300 _a375p
942 _cTB
_hX:8 K4
999 _c1273934
_d1273934